| 000 | 00487nam a2200217Ia 4500 | ||
|---|---|---|---|
| 003 | IT-RoPAU | ||
| 008 | 120407s9999 xx 000 0 und d | ||
| 040 | _aIT-RoPAU | ||
| 040 | _cIT-RoPAU | ||
| 041 | _afra | ||
| 100 | _aClement Dillenschneider | ||
| 245 | _aLa Mariologie de S. Alphonse de Liguori | ||
| 250 | _aFribourg (Suisse) | ||
| 260 | _aStudia Friburgensia | ||
| 260 | _c1931 | ||
| 300 | _a307 p. | ||
| 300 | _c23 cm | ||
| 490 | _v1 | ||
| 942 | _cBK | ||
| 999 |
_c32092 _d32092 |
||